| 000 | 01693nam0a2200361 4500 | ||
|---|---|---|---|
| 001 | RU\NLR\bibl\600081 | ||
| 005 | 20250610142101.0 | ||
| 010 |
_a5-699-06257-2 _bв пер. _95000 |
||
| 021 |
_aRU _b2004-36042 _91807 |
||
| 035 | _aRSL-KNO-002445376 | ||
| 035 | _a(NLR Aleph) 000592026 | ||
| 090 |
_a1719236 _c1719236 |
||
| 100 | _a20040625d2004 |||y0rusy50 ca | ||
| 101 | 1 |
_arus _ceng |
|
| 102 | _aRU | ||
| 105 | _aa ||||||||| | ||
| 106 | _ar | ||
| 200 | 1 |
_aОрки: первая кровь _e[романы] _fСтэн Николс _g[Пер. с англ. С. Увбарх] |
|
| 210 |
_aМ. _cЭКСМО _aСПб. _cДомино _d2004 _eАООТ Твер. полигр. комб. |
||
| 215 |
_a893, [2] с. _d21 |
||
| 225 | 1 | _aГероическая fantasy | |
| 327 | 1 | _aСодерж.: Хранители молнии; Легион грома; Воины бури | |
| 610 | 0 | _aФилологические науки. Художественная литература -- США -- Американская литература -- с 1945 г. -- Произведения художественной литературы -- Художественная проза -- Романы. Повести. Рассказы -- Фантастические и мистические романы, повести, рассказы. Романы ужасов | |
| 686 |
_aШ5(7США)62-644.5 _2rubbk |
||
| 686 | _aШ6(4Вл)67-445{Лх1299-62} | ||
| 700 | 1 |
_aНиколс _bС. _gСтэн _4070 |
|
| 801 | 0 |
_aRU _bRuMoRKP _c20040625 _grcr |
|
| 801 | 1 |
_aRU _bRuMoRGB _c20040625 |
|
| 801 | 2 |
_aRU _bNLR _c20050120 _gPSBO |
|
| 830 | _aАвт. по кн7 | ||
| 942 | _cBOOK | ||
| 980 | _aNB | ||